000 00402nam a2200157 i 4500
001 bg
245 0 _aDigital computer users handbook /
_ced. by Melvin Klerer and Granino A. Korn.
260 _aNew York,
_c1967.
700 1 _aKlerer, Melvin.
_eRed.
700 1 _aKorn, Granino A.
040 _cBPK
041 _apol
080 _a681.32
942 _cKS
008 s pl f |000 0 pol
999 _c15662
_d15662
856 _uhttp://koha.tu.koszalin.pl/cgi-bin/koha/opac-detail.pl?biblionumber=15662
_yKatalog online BPK